Podział administracyjny Holandii - Statystyki

Ogólne statystyki
  • Ten quiz został rozwiązany 28 razy
  • Średni wynik to 6 z 12
Statystyki odpowiedzi
Prowincja % Poprawnych
Zelandia
75%
Fryzja
63%
Holandia Północna
63%
Holandia Południowa
63%
Groningen
56%
Brabancja Północna
50%
Utrecht
50%
Drenthe
44%
Geldria
44%
Limburgia
44%
Flevoland
38%
Overijssel
31%
Nie znaleziono quizów pasujących do podanych kryteriów
Rozkład punktacji
Procent ludzi z każdym wynikiem
Percentyl według liczby udzielonych odpowiedzi
Twoja historia wyników
Nie rozwiązałeś tego quizu